LEADER 00889nam a22002411i 4500 001 991003949179707536 005 20230302115026.0 008 040802s1983 be a||||||||||||||||fre 035 $ab13151101-39ule_inst 035 $aARCHE-110371$9ExL 040 $aBibl. Interfacoltà T. Pellegrino$bita$cA.t.i. Arché s.c.r.l. Pandora Sicilia s.r.l. 082 04$a794.1 100 1 $aSantoy, Claude$0489861 245 10$aÉchecs :$bles ouvertures /$cClaude Santoy 260 $aVerviers :$bLes nouvelles éditions Marabout,$cc1983 300 $a1 v. :$bill. ;$c18 cm 650 4$aScacchi 907 $a.b13151101$b02-04-14$c05-08-04 912 $a991003949179707536 945 $aLE002 Fondo Giudici S 471$g1$i2002000392473$lle002$nC. 1$o-$pE0.00$q-$rn$so$t0$u0$v0$w0$x0$y.i13789296$z05-08-04 996 $aÉchecs$9307636 997 $aUNISALENTO 998 $ale002$b05-08-04$cm$da$e-$ffre$gbe$h0$i1